000 00217nam a2200109Ia 4500
100 _a#N/A
942 _cBK
654 _apro/engineering
245 _aPro/Engineering Wildfire 4.0
260 _b#N/A
546 _aENGLISH
999 _c28823
_d28823